000 00556nam a2200217Ia 4500
008 101110s9999 xx 000 0 und d
041 _aMARATHI
082 _bSR32901
_a891.46808
100 _aBhosale D.T.
245 _aParighavarachi manas (lalit lekh)
260 _c2007
_bSwarup prakashan,Aourangabad
300 _a168
365 _b150
520 _aMarathi
546 _aMARATHI
630 _aParighavarachi manas (lalit lekh)
650 _aMarathi
655 _aMarathi
730 _aParighavarachi manas (lalit lekh)
942 _cBOOK
999 _c825402
_d825399